000
00317nam a2200121 4500
003
SGT
082
_a
920
_b
A22T
100
_a
त्रिपाठी, सत्यदेव
245
_a
अवसाद का आनंद
260
_b
सेतु प्रकाशन
_c
2022
300
_a
425
942
_2
ddc
_c
BK
999
_c
32003
_d
32003